000 01501cam a22002054a 4500
005 20250804142844.0
008 250528s ||||||||||||||||||||||||d
035 _a17379
020 _a256092222
040 _aGR-AtMCL
_bgre
_dGR-AtMCL
_eAACR2
245 1 _aBusiness for the 21st Century
260 _bIrwin Mcgraw-Hill,
_c1992
300 _a868
520 _aThe Business Enterprise, Foundations of Business and Economics, Forms of Business Ownership, Entrepreneurship and Franchising and Small Business, Careers in Business, The Environment for Business, Social Responsibility and Business Ethics, Business and Law and Government, International Business, Carrers in International Business, Management and Organization, Fundamentals of Management, Organizing the Business, Managing Production and Operations, Careers in Management, Human Resources, Human Relations and Motivation, Managing Human Resources, Labor-Management Relations, Careers in HR Management, Marketing, Marketing Strategy, Product and Price, Distribution, Promotion, Careers in Marketing, Financial Management, Money and Banking, Financial Management, Investments and Personal Finance, Risk Management and Insurance, Careers in Finance, Accounting and Information Systems, Accounting Fundamentals, Computers and Management Information Systems, Careers in Accounting/ IS, Glossary, Index.
700 1 _aIvancevich, John M.
_91597
700 1 _aSkinner Steven J
_93537
942 _cBK
999 _c2802
_d2802